000
00293 a2200109 4500
001
ART_17534
005
20260410161750.0
008
260409a
245
1
0
_a
Five Minds for the Future
100
1
_a
Gardner, Howard
773
0
_t
Book Summary
_g
- NÂș 11 (ene. 2008)
_w
REV4099
999
_c
19591
_d
19591